<?xml version="1.0" encoding="UTF-8"?>
<marc:record xmlns:marc="http://www.loc.gov/MARC21/slim">
   <marc:leader>00000nam a2200000 a 4500</marc:leader>
   <marc:datafield ind1="1" ind2=" " tag="100">
      <marc:subfield code="a">Scheffler, Ursel</marc:subfield>
      <marc:subfield code="4">aut</marc:subfield>
      <marc:subfield code="e">Verfasser/-in</marc:subfield>
   </marc:datafield>
   <marc:datafield ind1="0" ind2="0" tag="245">
      <marc:subfield code="a">Der Geisterpirat</marc:subfield>
   </marc:datafield>
   <marc:datafield ind1="0" ind2="0" tag="245">
      <marc:subfield code="c">Ursel Scheffler. Mit Bildern von Eva Czerwenka</marc:subfield>
   </marc:datafield>
   <marc:datafield ind1=" " ind2="1" tag="264">
      <marc:subfield code="a">Stuttgart</marc:subfield>
      <marc:subfield code="b">Thienemann</marc:subfield>
      <marc:subfield code="c">2008</marc:subfield>
   </marc:datafield>
   <marc:datafield ind1="1" ind2=" " tag="490">
      <marc:subfield code="a">Thienemanns Buchpiraten</marc:subfield>
   </marc:datafield>
   <marc:datafield ind1="1" ind2=" " tag="520">
      <marc:subfield code="a">Angaben aus der Verlagsmeldung

Der Geisterpirat / von Ursel Scheffler

Hamdullilah! Selim, der Brotverkäufer, kann gar nicht glauben, was Schwarzbart im „Schielenden Krokodil" erzählt: Sein Schiff sei überfallen und ausgeraubt worden, und zwar von El Portugues, dem grässlichsten aller Piraten. Kein Wunder, dass nun helle Aufregung herrscht: Denn El Portugues ist ja angeblich schon seit Jahren tot ...

Reihe „Thienemanns Buchpiraten“ - Spannung, Spaß und Abenteuer von der dritten bis zur fünften Klasse
(frühere Ausgabe: ISBN 978-3-522-16863-2)
</marc:subfield>
   </marc:datafield>
   <marc:datafield ind1=" " ind2=" " tag="020">
      <marc:subfield code="a">9783522180498</marc:subfield>
      <marc:subfield code="9">9783522180498</marc:subfield>
   </marc:datafield>
   <marc:datafield ind1=" " ind2=" " tag="041">
      <marc:subfield code="a">ger</marc:subfield>
   </marc:datafield>
   <marc:datafield ind1=" " ind2=" " tag="300">
      <marc:subfield code="a">128 S.</marc:subfield>
   </marc:datafield>
</marc:record>
